00333pab a2200121 454500008004000000100003200040245005800072260000900130300001400139362001200153650002900165773001700194180718b2005 xxu||||| |||| 00| 0 eng d aChattopadhyay, Apurba Kumar aWTO and the behaviour of the external sector of India c2005 ap.426-31. aJul-Dec aWorld Trade Organization aProductivity